Statistics for Green Day - Insomniac Songs

Click here to take the quiz!

General Stats

  • This quiz has been taken 13 times
  • The average score is 11 of 14

Answer Stats

ListensSong% Correct
194,560,237Brain Stew
100%
6,382,53486
89%
8,003,925Armatage Shanks
89%
8,140,817Brat
89%
22,971,646Walking Contradiction
89%
5,709,245Bab's Uvula Who?
78%
15,740,661Geek Stink Breath
78%
17,027,840Jaded
78%
5,272,672Panic Song
78%
16,571,197Stuck With Me
78%
4,138,804Tight Wad Hill
78%
5,726,697No Pride
67%
6,036,977Stuart And The Ave.
67%
4,933,605Westbound Sign
67%

Score Distribution

Percentile by Number Answered

Percent of People with Each Score

Your Score History

You have not taken this quiz